000 00375 a2200169 4500
001 69494
020 _a8528103528
040 _cAnchieta - Itaigara
100 _aMachado, Ana Maria
240 1 0 _aBisa Bia, Bisa Bel
_lpor
245 1 0 _aBisa Bia, Bisa Bel
300 _a64
362 0 _a2000
440 1 _aSalamandra
650 4 _aLiteratura infanto-juvenil
942 _cBK
999 _c69494
_d69494